Canadian municipalities Quiz Stats

Quiz not verified by Sporcle

Challenge
Share
Tweet
Embed
Score 0/100 Timer 15:00
0 Plays Today
Province Municipality % Correct
OntarioToronto
95.6%
QuebecMontreal
94%
OntarioOttawa
93.2%
AlbertaCalgary
93.1%
British ColumbiaVancouver
92.9%
AlbertaEdmonton
92.4%
ManitobaWinnipeg
91%
Nova ScotiaHalifax
89.6%
QuebecQuebec City
88.7%
SaskatchewanRegina
86.6%
OntarioHamilton
86.5%
British ColumbiaVictoria
85.5%
OntarioLondon
84.9%
SaskatchewanSaskatoon
84.1%
Newfoundland and LabradorSt. John's
83%
OntarioWindsor
82.5%
OntarioMississauga
80.8%
OntarioThunder Bay
78.1%
OntarioGreater Sudbury
78%
OntarioKitchener
76.9%
OntarioOshawa
75.7%
OntarioKingston
75.1%
New BrunswickMoncton
73.7%
British ColumbiaKelowna
71%
QuebecLaval
70.6%
OntarioWaterloo
70.4%
OntarioBrampton
70.1%
British ColumbiaSurrey
70.1%
OntarioBarrie
70.1%
OntarioNiagara Falls
69.9%
QuebecSherbrooke
69.3%
British ColumbiaRichmond
69.1%
New BrunswickFredericton
69.1%
British ColumbiaKamloops
66.6%
Province Municipality % Correct
AlbertaRed Deer
66.5%
New BrunswickSaint John
66.5%
QuebecGatineau
65.4%
British ColumbiaAbbotsford
65%
OntarioGuelph
64.4%
OntarioSt. Catharines
64.1%
British ColumbiaBurnaby
63.3%
QuebecTrois-Rivières
62.8%
OntarioSarnia
62.2%
British ColumbiaPrince George
61.9%
OntarioPeterborough
61.6%
OntarioMarkham
59.1%
OntarioOakville
58.7%
OntarioAjax
58.6%
OntarioNorth Bay
58.6%
AlbertaLethbridge
58.4%
OntarioSault Ste. Marie
58.1%
OntarioBurlington
57.3%
OntarioVaughan
56.5%
OntarioCambridge
56.4%
OntarioRichmond Hill
54.6%
OntarioWhitby
54.6%
British ColumbiaNanaimo
54.5%
British ColumbiaNorth Vancouver
54%
AlbertaMedicine Hat
53.7%
OntarioPickering
53.1%
OntarioBrantford
52.1%
OntarioNewmarket
50.4%
Nova ScotiaCape Breton
47.6%
OntarioMilton
47.4%
OntarioBelleville
47.4%
British ColumbiaCoquitlam
47.1%
British ColumbiaDelta
46.9%
OntarioChatham-Kent
46.3%
Province Municipality % Correct
OntarioCornwall
46.3%
QuebecLongueuil
44.9%
QuebecDrummondville
43.8%
QuebecLévis
43.3%
British ColumbiaSaanich
43.1%
British ColumbiaNew Westminster
42.8%
QuebecSaguenay
42.2%
OntarioWelland
41.9%
British ColumbiaPort Coquitlam
41.7%
AlbertaGrande Prairie
41.7%
British ColumbiaLangley
41.6%
British ColumbiaChilliwack
41.6%
OntarioKawartha Lakes
40.9%
QuebecShawinigan
40.8%
OntarioAurora
40.8%
OntarioHalton Hills
40.2%
QuebecSaint-Jean-sur-Richelieu
36.7%
AlbertaSt. Albert
36.4%
OntarioClarington
35.7%
AlbertaWood Buffalo
34.6%
QuebecTerrebonne
33.5%
QuebecSaint-Hyacinthe
33.5%
QuebecGranby
33.5%
British ColumbiaMaple Ridge
32.8%
AlbertaStrathcona
30.2%
OntarioNorfolk County
30.1%
OntarioCaledon
28.3%
QuebecBrossard
27.9%
QuebecSaint-Jérôme
25.7%
QuebecRepentigny
25.5%
QuebecBlainville
20%
QuebecDollard-des-Ormeaux
17.3%

You're not logged in!

Compare scores with friends on all Sporcle quizzes.
Sign Up with Email
OR
Log In

You Might Also Like...

Show Comments

Extras

Top Quizzes Today


Score Distribution

Your Account Isn't Verified!

In order to create a playlist on Sporcle, you need to verify the email address you used during registration. Go to your Sporcle Settings to finish the process.